Enseñar lengua / (Record no. 87192)

MARC details
000 -CABECERA
campo de control de longitud fija 00661nam a2200229 a 4500
005 - FECHA Y HORA DE LA ÚLTIMA TRANSACCIÓN
campo de control 20230318063629.0
008 - ELEMENTOS DE LONGITUD FIJA--INFORMACIÓN GENERAL
campo de control de longitud fija 011019s2000 es r 000 0 spa d
020 ## - NÚMERO INTERNACIONAL NORMALIZADO PARA LIBROS
Número Internacional Estándar del Libro 8478271007
035 ## - NÚMERO DE CONTROL DEL SISTEMA
Número de control de sistema UPN01000113284
049 ## - COLECCIÓN
Colección CG
050 #4 - SIGNATURA TOPOGRÁFICA DE LA BIBLIOTECA DEL CONGRESO
Número de clasificación P51
Número de documento/Ítem C3.3 2000
100 1# - ASIENTO PRINCIPAL--NOMBRE PERSONAL
Nombre de persona Cassany i Comas, Daniel,
Fechas asociadas al nombre 1961-
9 (RLIN) 32652
245 10 - MENCIÓN DE TÍTULO
Título Enseñar lengua /
Mención de responsabilidad, etc. Daniel Cassany, Marta Luna, Gloria Sanz.
250 ## - MENCIÓN DE EDICIÓN
Mención de edición 5a ed.
260 ## - PUBLICACIÓN, DISTRIBUCIÓN, ETC.
Lugar de publicación, distribución, etc. Barcelona, Esp. :
Nombre del editor, distribuidor, etc. Graó,
Fecha de publicación, distribución, etc. 2000.
300 ## - DESCRIPCIÓN FÍSICA
Extensión 575 p.
440 #0 - MENCIÓN DE SERIE/ASIENTO SECUNDARIO--TÍTULO
Título Lengua ;
Designación de volumen o secuencia 117
650 #4 - ASIENTO SECUNDARIO DE MATERIA - TERMINO TEMATICO
Término de materia o nombre geográfico como elemento de entrada Lenguaje y lenguas
Subdivisión general Estudio y enseñanza
9 (RLIN) 6150
700 1# - ASIENTO SECUNDARIO--NOMBRE DE PERSONAL
Nombre de persona Luna, Marta,
Término indicativo de función/relación coaut.
700 1# - ASIENTO SECUNDARIO--NOMBRE DE PERSONAL
Nombre de persona Sanz, Gloria,
Término indicativo de función/relación coaut.
905 ## - TIPO DE MATERIAL
Tipo de material Libro
Holdings
Estado de retiro Estado de pérdida Fuente del sistema de clasificación o colocación Estado dañado No para préstamo Código de colección Localización permanente Ubicación/localización actual Ubicación en estantería Total de préstamos Clasificación Código de barras Fecha visto por última vez Número de copia Tipo de ítem Koha Restricciones de uso Fecha de adquisición Renovaciones totales Fecha del último préstamo En préstamo
    Library of Congress Classification     Colección General Bib. Gregorio Torres Quintero Bib. Gregorio Torres Quintero Planta baja 70 P51 C3.3 2000 167114 31/12/2020 1 Libro          
    Library of Congress Classification     Bibliografía básica Bib. Gregorio Torres Quintero Bib. Gregorio Torres Quintero Colecciones especiales Planta alta 81 P51 C3.3 2000 190857 31/12/2020 1 Libro por horas Préstamo por horas 30/01/2023      
    Library of Congress Classification     Colección General Bib. Gregorio Torres Quintero Bib. Gregorio Torres Quintero Planta baja 14 P51 C3.3 2000 307606 01/10/2025 1 Libro   02/09/2022 1 10/09/2025  
    Library of Congress Classification     Colección General Bib. Gregorio Torres Quintero Bib. Gregorio Torres Quintero Planta baja 16 P51 C3.3 2000 307605 14/04/2026 1 Libro   30/04/2022 1 14/04/2026 28/04/2026
    Library of Congress Classification     Colección General Bib. Gregorio Torres Quintero Bib. Gregorio Torres Quintero Planta baja 10 P51 C3.3 2000 185907 31/12/2020 1 Libro          
    Library of Congress Classification     Colección General Bib. Gregorio Torres Quintero Bib. Gregorio Torres Quintero Planta baja 67 P51 C3.3 2000 167115 01/06/2023 1 Libro   04/05/2023 1 04/05/2023  
    Library of Congress Classification   En restauración Colección General Bib. Gregorio Torres Quintero Bib. Gregorio Torres Quintero Planta baja 76 P51 C3.3 2000 181581 11/11/2022 1 Libro   25/10/2022   25/10/2022  
    Library of Congress Classification     Colección General Bib. Gregorio Torres Quintero Bib. Gregorio Torres Quintero Planta baja 66 P51 C3.3 2000 194299 31/12/2020 1 Libro